Which Pacific Island Country… - Statistics

General Stats
  • This quiz has been taken 7 times
  • The average score is 14 of 24
Answer Stats
Hint Answer % Correct
…has the highest muslim population in the world? Indonesia
86%
…were the Lord of the Rings movies filmed in? New Zealand
86%
…is known as Aōtearoa in its indigenous language? New Zealand
86%
…was the first country to give women the right to vote in 1893? New Zealand
86%
…has over 800 indigenous languages spoken within it? Papua New Guinea
86%
…is divided into three regions: Luzon, Visayas, and Mindanao? Philippines
86%
…is divided into two halves, one a sovereign nation and the other a US territory? Samoa
86%
…has a name which translates to “east east”? Timor-Leste
86%
…uses the rupee as its currency, and has Hindi as an official language? Fiji
71%
…spans all four hemispheres? Kiribati
71%
…was a former US territory used for nuclear testing throughout the 1940s and 1950s? Marshall Islands
71%
…uses the peso as its currency? Philippines
71%
…gained independence from Indonesia in 2002? Timor-Leste
71%
…is the only monarchy in Polynesia? Tonga
71%
…is a francophone country, with 30-40% of the country speaking or understanding French? Vanuatu
71%
…gained independence from Dutch colonial rule in 1945? Indonesia
57%
…was the most affected by the 2004 Indian Ocean tsunami, and suffered the most casualties? Indonesia
57%
…has approximately 87% of its population living in rural areas? Papua New Guinea
43%
…skipped an entire day in 2011, moving to the west of the International Date Line? Samoa
29%
…was the site of the Battle of Guadalcanal in WWII? Solomon Islands
29%
…consists of four main island groups: Chuuk, Kosrae, Pohnpei, and Yap? Fed. States of Micronesia
14%
…is the origin of kopi luwak, the world’s most expensive coffee, which is harvested from palm civet droppings? Indonesia
14%
…celebrates its independence day on July 4th? Philippines
14%
…had its flag designed by a 15 year old schoolgirl in 1971? Papua New Guinea
0%
No matching quizzes found
Score Distribution
Percent of People with Each Score
Percentile by Number Answered
Your Score History
You have not taken this quiz